00181nam a22000857a 4500020001500000100001800015245002000033260003100053300001100084 a0439419174 aBen M. Baglio aThe Brave Bunny aNew YorkbScholasticc2001 a59 pgs